Statistics for Countries Closest to Caracas

Click here to take the quiz!

General Stats

  • This quiz has been taken 43 times
  • The average score is 8 of 10

Answer Stats

Distance (Kilometers (Miles))Countries% Correct
723 (453.6)Brazil
100%
755.8 (469.6)Guyana
97%
473.6 (294.3)Colombia
95%
547.4 (340.2)Trinidad and Tobago
82%
796.7 (495)Dominica
76%
581.7 (361.5)Grenada
74%
732.3 (455.4)St. Lucia
74%
637.6 (396.2)St. Vincent and the Grenadines
71%
843.6 (524.2)Barbados
66%
864.3 (537.1)Dominican Republic
53%

Score Distribution

Percentile by Number Answered

Percent of People with Each Score

Your Score History

You have not taken this quiz